| Tag |
First Indicator |
Second Indicator |
Subfields |
| LEADER |
00000nam a2200000 i 4500 |
| 001 |
in00005774293 |
| 005 |
20260327180930.1 |
| 006 |
m o d |
| 007 |
cr cnu---unuuu |
| 008 |
241209s2025 mau o 001 0 eng d |
| 040 |
|
|
|a OPELS
|b eng
|e rda
|e pn
|c OPELS
|d OCLCO
|d OCLCL
|
| 020 |
|
|
|z 9780443223723
|
| 035 |
|
|
|a (OCoLC)1477820123
|
| 050 |
|
4 |
|a HD9502.5.B522
|
| 082 |
0 |
4 |
|a 665.7/76
|
| 049 |
|
|
|a TXAM
|
| 245 |
0 |
0 |
|a Innovations in the global biogas industry :
|b applications of green principles /
|c edited by Tonderayi S. Matambo, Riann Christian.
|
| 264 |
|
1 |
|a Cambridge, MA :
|b Woodhead Publishing,
|c [2025]
|
| 300 |
|
|
|a 1 online resource.
|
| 336 |
|
|
|a text
|b txt
|2 rdacontent
|
| 337 |
|
|
|a computer
|b c
|2 rdamedia
|
| 338 |
|
|
|a online resource
|b cr
|2 rdacarrier
|
| 490 |
0 |
|
|a Woodhead Series in Bioenergy
|
| 520 |
|
|
|a Innovations in the Global Biogas Industry: Applications of Green Principles critically reviews the whole biogas supply chain from substrates to upgraded biogas. The book evaluates the application of green principles at each stage of biogas production and combines this with case studies and a review of the latest technological advances to produce a comprehensive assessment of the current state of the biogas industry. The first three sections of the book guide the reader through the whole supply chain of biogas production, from feedstock and waste management, to process design, plant design, operation, optimization, and end products. The sustainability of biogas industry operations is then addressed in-depth through a lifecycle assessment, alongside the techno-economics and safety considerations. Each section considers small-, medium-, and large-scale biogas plant related developments, and how green principles are applied at each scale. Finally, the critical element of biogas industry stakeholders is explored, which discusses financing mechanisms, policies and regulations, global markets, and governance issues relating to the biogas sector.
|
| 500 |
|
|
|a Includes index.
|
| 588 |
0 |
|
|a Online resource; title from PDF title page (ScienceDirect, viewed December 9, 2024).
|
| 650 |
|
0 |
|a Biogas industry
|x Technological innovations.
|
| 650 |
|
0 |
|a Biogas.
|
| 650 |
|
6 |
|a Biogaz
|x Industrie
|x Innovations.
|
| 650 |
|
6 |
|a Biogaz.
|
| 655 |
|
7 |
|a Electronic books.
|2 local
|
| 700 |
1 |
|
|a Matambo, Tonderayi S.
|
| 700 |
1 |
|
|a Christian, Riann
|
| 710 |
2 |
|
|a ScienceDirect (Online service)
|
| 856 |
4 |
0 |
|u http://proxy.library.tamu.edu/login?url=https://www.sciencedirect.com/science/book/9780443223723
|z Connect to the full text of this electronic book
|t 0
|
| 955 |
|
|
|a Elsevier ScienceDirect 2026-2027
|
| 994 |
|
|
|a 92
|b TXA
|
| 999 |
f |
f |
|i 2b9ba977-c2e3-479e-aedf-23edc28f085e
|s 83935d55-8d6d-44be-9d59-089b7d1dd877
|t 0
|
| 952 |
f |
f |
|a Texas A&M University
|b College Station
|c Electronic Resources
|s www_evans
|d Available Online
|t 0
|e HD9502.5.B522
|h Library of Congress classification
|
| 998 |
f |
f |
|a HD9502.5.B522
|t 0
|l Available Online
|